Právo na súdnu ochranu.
Právo na súdnu ochranu ako základné ľudské právo definované v Ústave SR. Právo na súdnu ochranu ako zásada výkonu súdnictva. Spoločensko-politický a materiálny rozmer práva na súdnu ochranu. Fungovanie právneho štátu.
Enregistré dans:
| Auteur principal: | |
|---|---|
| Format: | Chapitre de livre |
| Langue: | slovaque |
| Sujets: | |
| Tags: |
Pas de tags, Soyez le premier à ajouter un tag!
|
MARC
| LEADER | 00000naa a2200000 4500 | ||
|---|---|---|---|
| 001 | r013738 | ||
| 005 | 20221205080328.6 | ||
| 041 | 0 | |a slo | |
| 044 | |a SK | ||
| 245 | 1 | 0 | |a Právo na súdnu ochranu. |c Ján Svák |
| 520 | |a Právo na súdnu ochranu ako základné ľudské právo definované v Ústave SR. Právo na súdnu ochranu ako zásada výkonu súdnictva. Spoločensko-politický a materiálny rozmer práva na súdnu ochranu. Fungovanie právneho štátu. | ||
| 610 | 2 | 0 | |a súdnictvo |
| 610 | 2 | 0 | |a ochrana právna |
| 610 | 2 | 0 | |a práva ľudské |
| 610 | 2 | 0 | |a štát |
| 610 | 2 | 0 | |a Slovensko |
| 100 | 1 | |a Svák, Ján | |